00234nam a2200109Ia 4500100002700000654001000027245003200037260002200069082001300091300000800104546001200112 aDeshpande/G.B. & S.G.  afluid aTextbook of fluid mechanics bEverest Pubc1998 a532bDES a638 aENGLISH